| Tag |
First Indicator |
Second Indicator |
Subfields |
| LEADER |
00000ntm a2200000 i 4500 |
| 001 |
in00004649613 |
| 008 |
230308s1965 xx 000 i eng d |
| 005 |
20230308211026.8 |
| 035 |
|
|
|a (OCoLC)on1372192432
|
| 040 |
|
|
|a TXA
|b eng
|e rda
|c TXA
|
| 035 |
|
|
|a (OCoLC)1372192432
|
| 090 |
|
|
|a PR6013.A66
|b Z48 1965
|
| 100 |
1 |
|
|a Garnett, David,
|d 1892-1981,
|e author.
|
| 245 |
1 |
0 |
|k Letter,
|f 1965 November 19,
|b Hilton, Huntington, to Charles W. Sachs, Beverly Hills, California.
|
| 264 |
|
0 |
|c 1965
|
| 300 |
|
|
|a 1 sheet ;
|c 27 cm +
|e 1 envelope (10 x 23 cm)
|
| 336 |
|
|
|a text
|b txt
|2 rdacontent
|
| 337 |
|
|
|a unmediated
|b n
|2 rdamedia
|
| 338 |
|
|
|a sheet
|b nb
|2 rdacarrier
|
| 500 |
|
|
|a Signed typewritten letter concerning the potential film production of Garnett's 1955 novella 'Aspects of love' with "hopes of Renoir making the picture". Renoir did write a screenplay [in 1968?] but this version of the film was not produced.
|
| 500 |
|
|
|a Printed letterhead "Hilton Hall, Hilton, Huntington".
|
| 500 |
|
|
|a With original air mail envelope, addressed to "Charles W. Sachs Esq, E.A.M. Productions ... Beverly Hills, California".
|
| 500 |
|
|
|a The Cushing Library/Lit/Mitchell copy is a donation from J. Lawrence Mitchell.
|
| 600 |
1 |
0 |
|a Garnett, David,
|d 1892-1981
|v Correspondence.
|
| 600 |
1 |
0 |
|a Garnett, David,
|d 1892-1981
|x Film adaptations.
|
| 600 |
1 |
0 |
|a Garnett, David,
|d 1892-1981.
|t Aspects of love.
|
| 600 |
1 |
0 |
|a Renoir, Jean,
|d 1894-1979.
|
| 655 |
|
7 |
|a Personal correspondence.
|2 lcgft
|
| 700 |
1 |
|
|a Sacks, Charles W.
|
| 994 |
|
|
|a Z0
|b TXA
|
| 948 |
|
|
|h HELD BY TXA - 0 OTHER HOLDINGS
|
| 999 |
f |
f |
|s bdbe72e7-e875-44c9-a997-7612bae5e4e9
|i 2e53db9c-9e60-4f9d-8087-64f38d24c9f0
|t 0
|
| 952 |
f |
f |
|p noncirc
|a Texas A&M University
|b College Station
|c Cushing Memorial Library & Archives
|d Cushing: Literature/Mitchell (Does not check out)
|t 0
|e PR6013.A66 Z48 1965
|f Vertical File
|h Library of Congress classification
|i unmediated -- sheet
|m A14853054939
|
| 998 |
f |
f |
|a PR6013.A66 Z48 1965
|t 0
|l Cushing: Literature/Mitchell (Does not check out)
|